拼音以G开头的中国城市 Chinese cities whose pinyin begins with G - Statistics

General Stats
  • This quiz has been taken 131 times
  • The average score is 14 of 28
Answer Stats
七普人口 DWUA 省份 行政类别 城市 % Correct
1488 2712 广东 地级市 广州
95%
383 427 贵州 地级市 贵阳
92%
125 104 广西 地级市 桂林
91%
235 台湾 台湾城市 高雄
89%
164 96 江西 地级市 赣州
88%
48 四川 地级市 广元
87%
40 四川 地级市 广安
85%
25 宁夏 地级市 固原
82%
71 广西 地级市 贵港
77%
31 江苏 县级市 高邮
50%
32 广东 县级市 高州
46%
15 青海 县级市 格尔木
40%
17 山西 县级市 高平
39%
26 江西 县级市 高安
38%
28 湖北 县级市 广水
37%
48 59 山东 县级市 高密
36%
26 四川 县级市 广汉
36%
18 辽宁 县级市 盖州
35%
25 安徽 县级市 广德
34%
33 53 河南 县级市 巩义
32%
14 江西 县级市 共青城
29%
14 山西 县级市 古交
28%
20 江西 县级市 贵溪
27%
27 河北 县级市 高碑店
26%
4 内蒙古 县级市 根河
26%
22 广西 县级市 桂平
24%
26 云南 县级市 个旧
21%
26 吉林 县级市 公主岭
21%
No matching quizzes found
Score Distribution
Percent of People with Each Score
Percentile by Number Answered
Your Score History
You have not taken this quiz